00713nam a2200241 a 4500001001300000003000900013005001700022008004100039020001000080082001700090100002300107245007600130260004000206300000900246500003500255505001000290650002200300700002300322902000800345942000700353952009600360999001500456nice12345678IN_TiNIC20260116011553.0050524s1925 woka grp 000 0 eng  ac10000a297.63bKAM1 aKamaluddin, Khwaja aIdeal Prophetb Icorporating a of Glimpses from the Life of the Prophet aWokingbIslamic Review Officec1925 a274p aincludes index and biblioraphy2 aIndex aMuhammad, Prophet1 aKamaluddin, Khwaja bSRS cBK 00104070aHMIbHMId2007-07-10g100.00l0o297.63 KAM1p1068r2007-07-10w2026-01-16yEB c2675d2675